书目信息 |
| 题名: |
大数据时代
|
|
| 作者: | 迈尔-舍恩伯格 , 库克耶 著 ;盛杨燕 周涛 译 | |
| 分册: | ||
| 出版信息: | 杭州 浙江人民出版社 2013 |
|
| 页数: | 261 | |
| 开本: | 23cm | |
| 丛书名: | ||
| 单 册: | ||
| 中图分类: | F06 | |
| 科图分类: | ||
| 主题词: | 经济学--分支科学 | |
| 电子资源: | ||
| ISBN: | 7-213-05254-5 | |
| 000 | 00719nam0 2200205 450 | |
| 001 | 1735846483 | |
| 005 | 20170410095726.48 | |
| 010 | @a7-213-05254-5@d¥49.90 | |
| 100 | @a20170410d km y0chiy0120 ea | |
| 101 | 0 | @achi |
| 200 | 1 | @a大数据时代@Ada shu ju shi dai@f(英)迈尔-舍恩伯格,库克耶著@F(ying)mai er-she en bo ge,ku ke ye zhu@g盛杨燕 周涛译@Gsheng yang yan zhou tao yi |
| 210 | @a杭州@c浙江人民出版社@d2013 | |
| 215 | @a261@d23cm | |
| 606 | 0 | @a经济学@x分支科学 |
| 690 | @aF06@v4 | |
| 701 | 0 | @a迈尔-舍恩伯格@Amai er-she en bo ge@4著 |
| 701 | 0 | @a库克耶@Aku ke ye@4著 |
| 702 | 0 | @a盛杨燕 周涛@Asheng yang yan zhou tao@4译 |
| 801 | 0 | @aCN@b大连网信软件有限公司图书馆·11@c20170410 |
| 905 | @b6603827@dF06@en1@f1 | |
| 大数据时代/(英)迈尔-舍恩伯格,库克耶著/盛杨燕 周涛译.-杭州:浙江人民出版社,2013 |
| 261;23cm |
| ISBN 7-213-05254-5:¥49.90 |
| ● |
| 相关链接 |
|
|
|
|
正题名:大数据时代
索取号:F06/n1
 
预约/预借
| 序号 | 登录号 | 条形码 | 馆藏地/架位号 | 状态 | 备注 |
| 1 | 6603827 | 266038272 | 密集书库-生命科学系/ [索取号:F06/n1] | 在馆 |